00460nam a2200193Ia 4500003000900000008004100009040001300050040001300063041000800076100001900084245004700103250002200150260002100172260000900193300001100202300001000213490003700223490000600260IT-RoPAU120407s9999 xx 000 0 und d aIT-RoPAU cIT-RoPAU aita aCarlo Ghidelli aParole come frecce. Come leggere Qoèlet. aCinisello Balsamo aEdizioni Paoline c1991 a173 p. c18 cm aFrammenti di saggezza Biblica, 7 v1